Indian National Congress: souvenir, nineteen hundred and sixty five. (Record no. 77664)
[ view plain ]
| 000 -LEADER | |
|---|---|
| fixed length control field | 00773cam a22002291 4500 |
| 001 - CONTROL NUMBER | |
| control field | sa 68001054 |
| 003 - CONTROL NUMBER IDENTIFIER | |
| control field | DLC |
| 005 - DATE AND TIME OF LATEST TRANSACTION | |
| control field | 20260227112429.0 |
| 008 - FIXED-LENGTH DATA ELEMENTS--GENERAL INFORMATION | |
| fixed length control field | 710903s1965 ii 000 0 eng |
| 010 ## - LIBRARY OF CONGRESS CONTROL NUMBER | |
| LC control number | sa 68001054 //r932 |
| 040 ## - CATALOGING SOURCE | |
| Original cataloging agency | DLC |
| Transcribing agency | DLC |
| Modifying agency | DLC |
| 043 ## - GEOGRAPHIC AREA CODE | |
| Geographic area code | a-ii--- |
| 050 00 - LIBRARY OF CONGRESS CALL NUMBER | |
| Classification number | HC435.2 |
| Item number | .I6 |
| 245 00 - TITLE STATEMENT | |
| Title | Indian National Congress: souvenir, nineteen hundred and sixty five. |
| Statement of responsibility, etc. | Editor: Atulya Ghosh. |
| 260 0# - PUBLICATION, DISTRIBUTION, ETC. | |
| Place of publication, distribution, etc. | [Calcutta, |
| Name of publisher, distributor, etc. | 69th Session, Indian National Congress, |
| Date of publication, distribution, etc. | 1965?] |
| 300 ## - PHYSICAL DESCRIPTION | |
| Extent | 127, lxiv, p. |
| Dimensions | 28 cm. |
| 500 ## - GENERAL NOTE | |
| General note | At head of title: Sixtyninth Session. |
| 651 #0 - SUBJECT ADDED ENTRY--GEOGRAPHIC NAME | |
| Geographic name | India |
| General subdivision | Economic conditions |
| Chronological subdivision | 1947- |
| 651 #0 - SUBJECT ADDED ENTRY--GEOGRAPHIC NAME | |
| Geographic name | India |
| General subdivision | Politics and government |
| Chronological subdivision | 1947- |
| 651 #0 - SUBJECT ADDED ENTRY--GEOGRAPHIC NAME | |
| Geographic name | West Bengal (India) |
| General subdivision | Economic policy. |
| 700 10 - ADDED ENTRY--PERSONAL NAME | |
| Personal name | Ghose, Atulya, |
| Dates associated with a name | 1904- |
| Relator term | ed. |
No items available.